<?xml version="1.0" encoding="UTF-8"?>
<record
    xmlns:xsi="http://www.w3.org/2001/XMLSchema-instance"
    xsi:schemaLocation="http://www.loc.gov/MARC21/slim http://www.loc.gov/standards/marcxml/schema/MARC21slim.xsd"
    xmlns="http://www.loc.gov/MARC21/slim">

  <leader>01111cam a2200241 i 4500</leader>
  <datafield tag="999" ind1=" " ind2=" ">
    <subfield code="c">57918</subfield>
    <subfield code="d">57918</subfield>
  </datafield>
  <controlfield tag="001">18520387</controlfield>
  <controlfield tag="005">20221107115655.0</controlfield>
  <controlfield tag="008">150309s20152015nyua     b    001 0 eng  </controlfield>
  <datafield tag="020" ind1=" " ind2=" ">
    <subfield code="a">9780891286394   X</subfield>
  </datafield>
  <datafield tag="041" ind1=" " ind2=" ">
    <subfield code="a">eng</subfield>
  </datafield>
  <datafield tag="080" ind1=" " ind2=" ">
    <subfield code="a">616.831-009.11-053.2 V-75</subfield>
  </datafield>
  <datafield tag="245" ind1="0" ind2="0">
    <subfield code="a">Vision and the brain :</subfield>
    <subfield code="b">understanding cerebral visual impairment in children /</subfield>
    <subfield code="c">Amanda Hall Lueck and Gordon N. Dutton, editors.</subfield>
  </datafield>
  <datafield tag="264" ind1=" " ind2="1">
    <subfield code="a">New York, NY :</subfield>
    <subfield code="b">AFB Press,  </subfield>
    <subfield code="c">2015.</subfield>
  </datafield>
  <datafield tag="300" ind1=" " ind2=" ">
    <subfield code="a">697 pages :</subfield>
    <subfield code="b">illustrations ;</subfield>
    <subfield code="c">26 cm.</subfield>
  </datafield>
  <datafield tag="650" ind1=" " ind2="0">
    <subfield code="a">Pediatric neuroophthalmology.</subfield>
    <subfield code="9">10942</subfield>
  </datafield>
  <datafield tag="653" ind1=" " ind2=" ">
    <subfield code="a">&#x10DB;&#x10EE;&#x10D4;&#x10D3;&#x10D5;&#x10D4;&#x10DA;&#x10DD;&#x10D1;&#x10D0; &#x10D3;&#x10D0; &#x10D3;&#x10D0; &#x10E2;&#x10D5;&#x10D8;&#x10DC;&#x10D8;</subfield>
  </datafield>
  <datafield tag="653" ind1=" " ind2=" ">
    <subfield code="a">&#x10D1;&#x10D0;&#x10D5;&#x10E8;&#x10D5;&#x10D4;&#x10D1;&#x10E8;&#x10D8; &#x10DB;&#x10EE;&#x10D4;&#x10D3;&#x10D5;&#x10D4;&#x10DA;&#x10DD;&#x10D1;&#x10D8;&#x10E1; &#x10D3;&#x10D0;&#x10E0;&#x10E6;&#x10D5;&#x10D4;&#x10D5;&#x10D4;&#x10D1;&#x10D8;</subfield>
  </datafield>
  <datafield tag="653" ind1=" " ind2=" ">
    <subfield code="a">&#x10DB;&#x10D4;&#x10D3;&#x10D8;&#x10EA;&#x10D8;&#x10DC;&#x10D0;</subfield>
  </datafield>
  <datafield tag="700" ind1="1" ind2=" ">
    <subfield code="a">Lueck, Amanda Hall,</subfield>
    <subfield code="d">1949-</subfield>
    <subfield code="e">&#x10E0;&#x10D4;&#x10D3;&#x10D0;&#x10E5;&#x10E2;&#x10DD;&#x10E0;&#x10D8;</subfield>
    <subfield code="9">10943</subfield>
  </datafield>
  <datafield tag="700" ind1="1" ind2=" ">
    <subfield code="a">Dutton, Gordon.</subfield>
    <subfield code="e">&#x10E0;&#x10D4;&#x10D3;&#x10D0;&#x10E5;&#x10E2;&#x10DD;&#x10E0;&#x10D8;</subfield>
    <subfield code="9">10944</subfield>
  </datafield>
  <datafield tag="776" ind1="0" ind2="8">
    <subfield code="i">Online version:</subfield>
    <subfield code="t">Vision and the brain</subfield>
    <subfield code="d">New York, NY : AFB Press, American Foundation for the Blind, [2015]</subfield>
    <subfield code="z">9780891286424</subfield>
    <subfield code="w">(DLC) 2015009946</subfield>
  </datafield>
  <datafield tag="942" ind1=" " ind2=" ">
    <subfield code="2">udc</subfield>
    <subfield code="c">BK</subfield>
  </datafield>
  <datafield tag="952" ind1=" " ind2=" ">
    <subfield code="0">0</subfield>
    <subfield code="1">0</subfield>
    <subfield code="2">udc</subfield>
    <subfield code="4">0</subfield>
    <subfield code="6">616831009110532_V75</subfield>
    <subfield code="7">0</subfield>
    <subfield code="9">90025</subfield>
    <subfield code="a">CPL</subfield>
    <subfield code="b">CPL</subfield>
    <subfield code="c">GEN</subfield>
    <subfield code="d">2021-03-31</subfield>
    <subfield code="g">336.00</subfield>
    <subfield code="o">616.831-009.11-053.2 V-75</subfield>
    <subfield code="p">61279</subfield>
    <subfield code="r">2021-03-31</subfield>
    <subfield code="t">61279</subfield>
    <subfield code="w">2021-03-31</subfield>
    <subfield code="y">BK</subfield>
    <subfield code="z">336 &#x10DA;.</subfield>
  </datafield>
  <datafield tag="952" ind1=" " ind2=" ">
    <subfield code="0">0</subfield>
    <subfield code="1">0</subfield>
    <subfield code="2">udc</subfield>
    <subfield code="4">0</subfield>
    <subfield code="6">616831009110532_V75</subfield>
    <subfield code="7">0</subfield>
    <subfield code="9">90026</subfield>
    <subfield code="a">CPL</subfield>
    <subfield code="b">CPL</subfield>
    <subfield code="c">GEN</subfield>
    <subfield code="d">2021-03-31</subfield>
    <subfield code="g">336.00</subfield>
    <subfield code="o">616.831-009.11-053.2 V-75</subfield>
    <subfield code="p">61280</subfield>
    <subfield code="r">2021-03-31</subfield>
    <subfield code="t">61280</subfield>
    <subfield code="w">2021-03-31</subfield>
    <subfield code="y">BK</subfield>
    <subfield code="z">336 &#x10DA;.</subfield>
  </datafield>
</record>
